000 01287pab a2200157 454500
008 180718b1998 xxu||||| |||| 00| 0 eng d
100 _aSingh, Devi
245 _aManaging currency risk
260 _c1998
300 _ap.6-10
362 _aJul-Dec
520 _aWith market frontiers expanding and financial price volatility and risk going up, management of foreign exchange risk assumes importance. The implications of increased involvement of Indian companies in international trade and finance require managers to measure the foreign exchange exposure and manage it to maximise profitability, net cash flow and the market value of the firm. An analysis of the foreign risk management practices of some Indian companies reveals that they neither have a model for forecasting foreign exchange rate movement nor a detailed mechanism to evaluate the effectiveness of their foreign exchange risk management practices. The general perception among the managers of these companies is that Indian companies are small players in the foreign exchange market and better management practices would evolve only after the Indian market for hedging products fully developed and experience gained in this regard. - Reproduced
650 _aForeign exchange
773 _aVision
909 _a40076
999 _c40076
_d40076